Productivity Engineering and Management:...
| Main Author: | |
|---|---|
| Format: | Unknown |
| Published: |
McGraw- Hill
|
| LEADER | 00207 a2200085 4500 | ||
|---|---|---|---|
| 020 | |a 9780070624269 | ||
| 100 | |a David J. Sumanth | ||
| 245 | |a Productivity Engineering and Management:... | ||
| 260 | |b McGraw- Hill | ||
| 999 | |c 44157 |d 44157 | ||